000 00397nam a2200157Ia 4500
008 180921t1986 xxu||||| |||| 00| 0 eng d
041 _aeng
080 _a593.6
_bBYT
100 _aBythell, John C.
245 4 _aThe living corals (sclercatinia) of Southern California
260 _b
_c1986
300 _a40p., 20 cm
942 _cBK
999 _c18752
_d18752
003 LK-CoDNM
040 _aLK-CoDNM
_dLK-CoDNM
_eLK-CoDNM